00462nam a2200181 a 4500001001300000003000900013005001700022008004100039020001000080082001300090100001600103245002500119260002600144300000900170500003500179505002800214650003800242nice12345678IN_TiNIC20260116011520.0050524s1907 leia grp 000 0 ara  ac10000a915bJUB aJubayr, Ibn aTravel of the Jubayr aLeiden bBrill c1907 a363p aincludes index and biblioraphy2 aIndex, Memorial Edition aIbn-Jubayr Description and Travel